Nuevos ensayos sobre entendimiento humano

Gespeichert in:
Bibliographische Detailangaben
1. Verfasser: Leibniz, Gottfried Wilhelm (VerfasserIn)
Format: Buch
Sprache:Spanisch
Veröffentlicht: Madrid Nacional 1977
Ausgabe:1a. ed
Schriftenreihe:Biblioteca de Literatura y el Pensamiento Universales
Schlagworte:
Tags: Tag hinzufügen
Keine Tags, Fügen Sie den ersten Tag hinzu!

MARC

LEADER 00000cam a2200000 a 4500
001 UCD4276
003 CL-VaPUC
008 160701e19770000sp |||||||||||||||||spa|d
020 |a 8427604033 
082 0 4 |a 121  |b LEI  |2 21 
100 |a Leibniz, Gottfried Wilhelm   |e author  |9 429654 
245 1 0 |a Nuevos ensayos sobre entendimiento humano 
250 |a 1a. ed 
300 |a 652 p 
942 |c BK 
945 |d 20160701 20:49:00  |a arojas 
260 |a Madrid  |b Nacional  |c 1977 
650 0 |a Teoría del conocimiento   |9 255038 
650 0 |a Monadología   |9 268988 
583 |a last modification  |c 20160701 20:49:00  |k Rodrigo Vera 
490 0 |a Biblioteca de Literatura y el Pensamiento Universales 
999 |c 365214  |d 365212 
952 |0 0  |1 0  |3 erb  |4 0  |6 121_000000000000000_LEI_1977  |7 0  |8 A  |9 479003  |a FDOHBE  |b FDOHBE  |e Huesbe Llanos, Marco Antonio, 1934-  |i 530959K  |o 121 LEI 1977  |p 530959K  |r 2024-01-30  |w 2019-11-24  |y BK  |z Catalogado en:20160701  |k HBE